| 000 | 00740nam a2200277Ia 4500 | ||
|---|---|---|---|
| 005 | 20260324114900.0 | ||
| 008 | 008 260324s9999 xx 000 0 eng d | ||
| 020 | _a9781003182016 | ||
| 037 | _aEBOOK | ||
| 040 | _aCRL | ||
| 040 | _beng | ||
| 040 | _cCRL | ||
| 041 | _2eng | ||
| 041 | _aeng | ||
| 084 | _qCRL | ||
| 100 |
_aGabriela GarcĂa; Aziliz Vandesande; Fausto Cardoso; Koen Van Balen _91152516 |
||
| 245 | 4 | _aThe Future of the Past: Paths towards Participatory Governance for Cultural Heritage | |
| 260 | _bTaylor and Francis | ||
| 260 | _c2021 | ||
| 365 | _a | ||
| 365 | _b520 | ||
| 856 | _uhttp://www.taylorfrancis.com/books/9781003182016 | ||
| 942 | _cEBOOK | ||
| 999 |
_c1742972 _d1742972 |
||